02135agaaa2200313 45000010005000000030009000050050017000140070009000310080040000400400023000800410013001031000009001161300050001252400049001752450179002242460042004032500022004452600094004673000033005615080055005945110036006495200931006855380016016165460013016326500058016457000054017037000009017577000055017663902IT-RoPAU20220918181245.0d cvaizq50131s9999||||xx ||| | || ||und|| aIT-RoPAUcIT-RoPAU aITALIANO aN.d. aSANTI E PACCATORI-3-ALLA GUIDA DELL'OCCIDENTE aSAINTS AND SINNERS - SET OVER NATIONSgT3365 aSANTI E PECCATORI-3-ALLA GUIDA DELL'OCCIDENTEcProdotto da: Studio P.V. Diretto da: N.d.pSANTI E PECCATORI-3-ALLA GUIDA DELL'OCCIDENTE (Rif. Codice opera principale : H3902) aSAINTS AND SINNERS - SET OVER NATIONS aEdizione Standard aMILANO (ITALIA)bMULTIMEDIA SAN PAOLO / g"1999 (1° ed.: 2003 ; Ed. Lingua Orig.: 1997)" aVHSbsonoro, col.c60 minuti a"Fotografia: Robert James; Musica: Pook Jocelyn; " a"Narratore:; Marco; Balzarotti" a"LA PIU' RECENTE E COMPLETA STORIA DELLA CHIESA, RACCONTATA DALLA PARTE DEISUCCESSORI DI PIETRO. UNO STRUMENTO CRITICO PER LEGGERE LA VITA DI UN'ISTITUZIONE CHE, DA VENTI SECOLI, CONDIVIDE CON L'UOMO LE GIOIE E LE SPERANZE, LE TRISTEZZE E LE ANGOSCE. UNO SGUARDO ILLUMINANTE SUL PASSATO PER COMPRENDERE I FERMENTI DI NOVITA' DEL TERZO MILLENNIO. 3 EPISODIO: ""ALLA GUIDA DELL'OCCIDENTE"": LE GRANDI SPINTE AL RINNOVAMENTO: LA RIFORMA; CLUNY; GREGORIO VII; ENRICO IV E LA LOTTA PER LE INVESTITURE; INQUISIZIONE E CROCIATE; IL PRIMO CONCLAVE; LA TRANSUSTANZIAZIONE; CONFORMISMO E ORTODOSSIA; FRANCESCO D'ASSISI E L'ERESIA CATARA; BONIFACIO VIII E IL PRIMO GIUBILEO; ANAGNI; IL PERIODO AVIGNONESE; TRE PAPI SIEDONO SUL SOGLIO DI PIETRO; CONCILIO DI COSTANZA ED ELEZIONE DI MARTINO I. CONSULENZA PER L'EDIZIONE ITALIANA: D. FRANCOPIERINI; D. ENNIO APECITI; D. UMBERTO DELL'ORTO. FILM A COLORI. DISTRIBUZIONE MULTIMEDIA SAN PAOLO." aPAL, STEREO aITALIANO aDOCUMENTARIOeFILMS [VHS]xCodice MATERIA SPICS: 9960 aAA.VV. e(soggetto)gCodice Soggetto SPICS: 12000 aN.d. aPook Jocelyne(musica)gCodice Musica SPICS: 57469